• 首页
  • 本馆介绍
  • 公告通知
  • 最新文献
  • 馆藏检索
  • 电子资源
  • 读者导购
  • 参考咨询
  • 我的图书馆
  • 登录
  • 详细信息显示
  • 放入我的书架
  • 预约/预借图书
  • 作者相关作品
  • 分类相关作品
  • 丛书相关作品
  • 出版社相关作品

书目信息

  • 表格格式
  • 工作单格式
  • 卡片格式
题名:
从鸦片战争到五四运动
    
 
作者: 胡绳 著
分册: 下  
出版信息: 北京   人民出版社  1981
页数: ~983页
开本: 21cm
丛书名:
单 册:
中图分类: K251 , K25
科图分类:
主题词: 近代史-中国--1840~1919 , 中国--历史--1840~1949
电子资源:
ISBN:
000 00762nam0 2200277 45
001 0181010068
005 20040508175528.3
010    @dCNY3.15
091    @aCN@b11001.409
100    @a19950703d1981 em y0chiy0121 ea
101 0  @achi
102    @aCN@b110000
105    @ay z 000yy
106    @ar
200 10 @a从鸦片战争到五四运动@h下@Acong ya pian zhan zheng dao wu si yun dong@f胡绳著
210    @a北京@c人民出版社@d1981
215    @a~983页@d21cm
606    @a近代史-中国@z1840~1919
606 0  @a中国@x历史@z1840~1949
607    @a中国-近代史@z1840~1919
690    @aK251@v3
690    @aK25@v3
701  0 @a胡绳@Ahu sheng@4著
801  0 @aCN@b上海图书馆@c20040102
801  2 @aCN@bNLC@c20040102
905    @dK25@e40:2@f1@b43207
    
    从鸦片战争到五四运动.下/胡绳著.-北京:人民出版社,1981
    ~983页;21cm
    
    
    ISBN :CNY3.15
    
●
相关链接 在E读中查询图书 在五车中查询图书 在当当中查询图书 在豆瓣中查询图书


正题名:从鸦片战争到五四运动     索取号:K25/40:2         预约/预借

序号 登录号 条形码 馆藏地/架位号 状态 备注
1 0043206   001530971   密集书库/ [索取号:K25/40:2] 在馆    
2 0043207   000190448   密集书库/ [索取号:K25/40:2] 在馆    
3 0053247   001529064   密集书库/ [索取号:K25/40:2] 在馆    
4 0053248   001529108   密集书库/ [索取号:K25/40:2] 在馆    
5 0053249   001530891   密集书库/ [索取号:K25/40:2] 在馆    
6 0053250   001530935   密集书库/ [索取号:K25/40:2] 在馆    
7 0053251   001530739   密集书库/ [索取号:K25/40:2] 在馆    
8 0053252   001680005   密集书库/ [索取号:K25/40:2] 在馆    
9 0053253   001851115   密集书库/ [索取号:K25/40:2] 在馆    
10 0053254   001851106   密集书库/ [索取号:K25/40:2] 在馆    
11 0053256   001679954   密集书库/ [索取号:K25/40:2] 在馆    
唐山师范学院图书馆 欢迎您!
大连网信软件有限公司© 版权所有